| 000 | 00571cam a2200205ua 4500 | ||
|---|---|---|---|
| 020 |
_a81 203 1355 0 _c1950.00 |
||
| 041 |
_aeng _h |
||
| 082 |
_a005.133 _bFRI/ES |
||
| 100 | _aFriedman, Daniel P . | ||
| 245 |
_aEssentials of programming languages / _cDaniel P Friedman. _hTextual Documents |
||
| 250 |
_a1 / _b. |
||
| 260 |
_aNew Delhi : _bPrentice Hall of India Pvt Ltd. , _c1998. |
||
| 300 | _a536 ; . | ||
| 365 | _a1950.00 | ||
| 504 | _a | ||
| 700 | 1 | _aHaynes, Christopher T . | |
| 700 | 1 | _aWand , Mitchel . | |
| 942 | _cBK | ||
| 999 |
_c9505 _d9505 |
||